[Event "John Bishop Minor op"]
[Site "Cardiff"]
[Date "2009.04.12"]
[Round "5"]
[White "Payne, Thomas"]
[Black "Trickey, Nathan"]
[Result "1-0"]
[WhiteElo "850"]
[BlackElo "1196"]
[PlyCount "67"]
[EventDate "2009.04.10"]
[EventType "swiss"]
[EventRounds "7"]
[EventCountry "WLS"]
[SourceTitle "EXT 2011"]
[Source "ChessBase"]
[SourceDate "2010.11.26"]
[SourceVersion "1"]
[SourceVersionDate "2010.11.26"]
[SourceQuality "1"]

1. e4 e5 2. Nf3 Nc6 3. Bc4 Nf6 4. Nc3 Bb4 5. Nd5 Nxe4 6. Qe2 Nd6 7. a3 Nxc4 8. Qxc4 Be7 9. d3 0-0 10. Qg4 d6 11. Qh5 g6 12. Qh6 Bg4 13. Bg5 f6 14. Nxe7+ Qxe7 15. h4 fxg5 16. Nxg5 Rf7 17. f3 Be6 18. h5 Rf5 19. Nxe6 Qxe6 20. hxg6 Qe7 21. gxh7+ Qxh7 22. Qxh7+ Kf8 23. Qxf5+ Ke8 24. Rh8+ Ke7 25. Rxa8 Nd4 26. Qf8+ Ke6 27. Re8+ Kd5 28. c4+ Kc5 29. b4+ Kb6 30. 0-0-0 Nb3+ 31. Kb2 Nd4 32. c5+ dxc5 33. Qxc5+ Ka6 34. Qa5# 1-0

[Event "John Bishop Minor op"]
[Site "Cardiff"]
[Date "2009.04.11"]
[Round "2"]
[White "Kett, David"]
[Black "Trickey, Nathan"]
[Result "0-1"]
[WhiteElo "850"]
[BlackElo "1196"]
[PlyCount "90"]
[EventDate "2009.04.10"]
[EventType "swiss"]
[EventRounds "7"]
[EventCountry "WLS"]
[SourceTitle "EXT 2011"]
[Source "ChessBase"]
[SourceDate "2010.11.26"]
[SourceVersion "1"]
[SourceVersionDate "2010.11.26"]
[SourceQuality "1"]

1. e4 e5 2. Bc4 Nf6 3. Nf3 Nxe4 4. Nxe5 d5 5. Bd3 Bc5 6. Bxe4 dxe4 7. Nc3 Qd4 8. Nd3 exd3 9. 0-0 0-0 10. cxd3 Nc6 11. Nb5 Qd8 12. b3 a6 13. Nc3 Bd4 14. Ne4 Bxa1 15. Ba3 Re8 16. Qxa1 Qxd3 17. Nf6+ gxf6 18. Qxf6 Qg6 19. Qxg6+ hxg6 20. h3 Bf5 21. Rd1 Nd4 22. Bb2 Nc2 23. Bc3 Re1+ 24. Rxe1 Nxe1 25. d4 Nd3 26. Bd2 Rd8 27. Be3 Nb4 28. Bf4 c6 29. a3 Nc2 30. Bc7 Rxd4 31. Be5 Rd3 32. Bb2 Rxb3 33. g4 Rxb2 34. gxf5 Nxa3 35. fxg6 fxg6 36. Kg2 Nc4 37. Kg3 a5 38. f4 a4 39. h4 a3 40. Kg4 a2 41. f5 gxf5+ 42. Kxf5 a1Q 43. h5 Qf1+ 44. Kg6 Rg2+ 45. Kh6 Qf6# 0-1

[Event "John Bishop Minor op"]
[Site "Wales"]
[Date "2008.03.24"]
[Round "7"]
[White "O'Rourke, Kevin1111"]
[Black "Trickey, Nathan"]
[Result "1/2-1/2"]
[WhiteElo "1372"]
[BlackElo "1086"]
[PlyCount "89"]
[EventDate "2008.03.21"]
[EventType "swiss"]
[EventRounds "7"]
[EventCountry "WLS"]
[SourceTitle "EXT 2010"]
[Source "ChessBase"]
[SourceDate "2010.11.25"]
[SourceVersion "1"]
[SourceVersionDate "2010.11.25"]
[SourceQuality "1"]

1. e4 e5 2. Nf3 Nc6 3. Bc4 Nf6 4. d3 d5 5. exd5 Nxd5 6. Bb5 Bd7 7. c4 Nf4 8. Bxc6 Bxc6 9. Nxe5 Nxg2+ 10. Kf1 Qd6 11. Nxc6 Qxc6 12. Qe2+ Be7 13. Rg1 Nh4 14. Bg5 0-0-0 15. Bxe7 Rde8 16. Qg4+ Kb8 17. Bxh4 Qb6 18. b3 h5 19. Qd1 Qd4 20. Na3 Qxh4 21. Qf3 Qd4 22. Nc2 Qc3 23. Qd1 a6 24. Ne3 g6 25. Nd5 Qe5 26. Rg3 h4 27. Re3 Qxh2 28. Ke2 Rxe3+ 29. Nxe3 Re8 30. Qd2 f5 31. Kd1 f4 32. Nf1 Qg1 33. Kc2 h3 34. Qxf4 Re2+ 35. Kc3 Rxf2 36. Qd4 h2 37. Re1 Rf8 38. Qg7 Qf2 39. Nd2 Qxe1 40. Qxf8+ Ka7 41. Qc5+ Ka8 42. Qf8+ Ka7 43. Qc5+ b6 44. Qxc7+ Ka8 45. Qc8+ 1/2-1/2